Lana Del Rey - Dealer Lyrics - Statistics

General Stats
  • This quiz has been taken 243 times
  • The average score is 239 of 295
Answer Stats
Answer % Correct
dealer
99%
don't
99%
my
98%
a
97%
He
97%
me
97%
Please
97%
to
97%
try
97%
I
96%
through
96%
father
94%
find
94%
for
94%
no
94%
won't
94%
you
94%
be
92%
up
92%
either
91%
pick
91%
his
90%
Not
90%
phone
90%
can't
89%
live
89%
all
88%
All
88%
(All
88%
good
88%
back
87%
give
87%
something?
87%
wanna
87%
Why
87%
years
87%
your
87%
been
86%
home
86%
nothing
86%
'Cause
85%
the
84%
money
83%
never
83%
one
82%
gave
80%
Gave
80%
ain't
79%
off
78%
doctor
73%
shirt
72%
spirit
72%
you're
68%
in
66%
get
64%
I'm
64%
know
62%
are
61%
lost
61%
tears
60%
high
59%
high)
59%
busy
58%
goodbye
58%
goodbye)
58%
He's
58%
he's
58%
it
56%
seeker
56%
fucking
55%
calls
53%
any
51%
check
51%
and
50%
circuits
50%
sleep
50%
around
49%
ether
48%
turn
48%
wreck
47%
healer
45%
now
45%
(Now
45%
take
45%
got
44%
gone
41%
just
41%
weekend
41%
But
40%
I'll
32%
you've
32%
explain
22%
tone)
22%
555
20%
555)
20%
(9275
17%
comes
13%
door
4%
No matching quizzes found
Score Distribution
Percent of People with Each Score
Percentile by Number Answered
Your Score History
You have not taken this quiz